00581 a2200181 4500003000500000005001700005008004100022040000900063082001300072100002800085245004600113260004900159300003400208650003200242942001200274999001900286952009400305Nust20231202174336.0170414b xxu||||| |||| 00| 0 eng d cNust a909bSPE aSpengler, Oswald917882 aThe Decline of the West/cOswald Spengler aIslamabad :bNational Book Foundation,c2005 axxix, 415 p. :bill. ;c23 cm adecline of the west9119434 2ddccBK c328743d328743 00102ddc4070aCLbCLcCARTd2017-04-14o909 SPEpCL3128r2017-04-14t1w2017-04-14yBK